000 00921nam a2200265 a 4500
001 BRCA_2543
005 20190320203846.0
008 261108s1922----mx-a---###---#000-0#spa-u
041 _aspa
044 _amx
050 4 _aNK4340
_b.H64 1922
100 1 _aHoffmann, Carlos C.
_97286
245 1 0 _aVerdades y errores acerca de la Talavera poblana
_cCarlos C. Hoffmann.
260 _aMéxico
_bImprenta de la Secretaría de Gobernación
_c1922
300 _a1 v. (sin paginación)
_bil.
_c21 cm.
440 0 _aSociété Scientifique ´Antonio Alzate´
_pMémoires
_vt. 40
_97287
500 _aSe cuenta con la edición original en Caja Fuerte, con el número de inventario A27
500 _aEjemplar engargolado
500 _aPor política no se presta a domicilio
650 1 4 _aCerámica mexicana
_97288
650 1 4 _aTalavera poblana
_91700
650 1 4 _aCerámica
_zPuebla
_97289
902 _aeng
942 _2lcc
_cB
999 _c2284
_d2284